书目信息 |
| 题名: |
品牌图形的故事 下
|
|
| 作者: | 白光 主编 | |
| 分册: | ||
| 出版信息: | 北京 中国经济出版社 2005.08 |
|
| 页数: | 305-623页 | |
| 开本: | 21cm | |
| 丛书名: | 中外经典品牌故事丛书之二 | |
| 单 册: | ||
| 中图分类: | F760.5 | |
| 科图分类: | ||
| 主题词: | 商品学 | |
| 电子资源: | ||
| ISBN: | 7-5017-0455-4 | |
| 000 | 00639nam0 2200217 450 | |
| 001 | 0634357155 | |
| 005 | 20060613090742.41 | |
| 010 | @a7-5017-0455-4@dCNY22.50 | |
| 100 | @a20060612d2005 km y0chiy0120 ea | |
| 101 | 0 | @achi |
| 102 | @aCN@b110000 | |
| 200 | 1 | @a品牌图形的故事 下@Apin pai tu xing de gu shi xia@f白光主编@Fbai guang zhu bian |
| 210 | @a北京@c中国经济出版社@d2005.08 | |
| 215 | @a305-623页@d21cm | |
| 225 | 2 | @a中外经典品牌故事丛书之二 |
| 410 | 0 | @12001 @a中外经典品牌故事丛书之二 |
| 606 | 0 | @a商品学 |
| 690 | @aF760.5@v3 | |
| 701 | 0 | @a白光@Abai guang@4主编 |
| 801 | 0 | @aCN@bPFT@c20060613 |
| 905 | @aBZT@dF760.5@e1-2@f10 | |
| 品牌图形的故事 下/白光主编.-北京:中国经济出版社,2005.08 |
| 305-623页;21cm.-(中外经典品牌故事丛书之二) |
| ISBN 7-5017-0455-4:CNY22.50 |
| ● |
| 相关链接 |
|
|
|
正题名:品牌图形的故事 下
索取号:F760.5/1-2
 
预约/预借
| 序号 | 登录号 | 条形码 | 馆藏地/架位号 | 状态 | 备注 |
| 1 | 0446854 | 230003860 | 样本书库/样001架A面3层1列/ [索取号:F760.5/1-2] | 在馆 | |
| 2 | 0446855 | 230003859 | 中心书库北库/ 北库037架A面4列5层41/ [索取号:F760.5/1-2] | 在馆 | |
| 3 | 0446856 | 230003858 | 中心书库北库/ 北库037架A面4列5层43/ [索取号:F760.5/1-2] | 在馆 | |
| 4 | 0446857 | 230003857 | 中心书库北库/ 北库037架A面4列5层36/ [索取号:F760.5/1-2] | 在馆 | |
| 5 | 0446858 | 230003856 | 中心书库北库/ 北库037架A面4列5层45/ [索取号:F760.5/1-2] | 在馆 | |
| 6 | 0446859 | 230003855 | 中心书库北库/ 北库037架A面4列5层51/ [索取号:F760.5/1-2] | 在馆 | |
| 7 | 0446860 | 230003854 | 中心书库北库/ 北库037架A面4列5层42/ [索取号:F760.5/1-2] | 在馆 | |
| 8 | 0446861 | 230003853 | 中心书库北库/ 北库037架A面4列5层39/ [索取号:F760.5/1-2] | 在馆 | |
| 9 | 0446862 | 230003852 | 中心书库北库/ 北库037架A面4列5层52/ [索取号:F760.5/1-2] | 在馆 | |
| 10 | 0446863 | 230003851 | 中心书库北库/ 北库037架A面4列5层37/ [索取号:F760.5/1-2] | 在馆 |